000 00304nam a2200121Ia 4500
005 20260328104247.0
008 260328s9999||||xx |||||||||||||| ||und||
100 _aLe Corbusier
245 0 _aLe Corbusier :
_b Poésie sur Alger /
_cLe Corbusier
260 _bFalaize
650 _aARQUITECTOS
942 _cBK
999 _c10119
_d10119